Quiz dont vous êtes le héros #1 : Amérique du Sud - Statistiques

Statistiques générales
  • Ce quiz a été pris 570 fois
  • Le résultat moyen est 7 sur 16
Statistiques - réponses
Page Enoncé Réponse % Correct
1 Du Sud de l'Argentine, vous partez vers la Bolivie, afin de rechercher des informations sur votre famille, qui a été capturée par des indigènes. Vous vous dirigez vers la capitale de la Bolivie, qui est? La Paz ou Sucre déjà ? Si vous avez répondu La Paz, allez en page 7. Sinon, rendez-vous page 12.
100%
12 Vous vous dirigez donc vers Sucre. Mais les Andes sont sur votre passage. Que sortez vous de votre grappin d'escalade ou de votre fusil de chasse ? Sortez votre grappin et hissez vous en page 15. Si vous dégainez votre arme, la suite de vos péripéties se trouve en cinquième page.
66%
15 Vous escaladez le massif montagneux mais votre grappin reste coincé entre deux rochers. Vous le perdez mais arrivez à Sucre comme convenu. Là-bas, la seule personne qui pense avoir vu votre famille vous indique un chemin mais vous ne comprenez pas ce qu'il dit. Il vous offre quelques munitions. Le suivez-vous ou non (le suivre / ne pas le suivre)? Si vous suivez l'inconnu, il vous mène en page 3. Si vous vous aventurez seul, allez en page 7.
65%
3 Vous arrivez à Kourou. Un homme vous parle : en quelle langue lui parlez vous, en espagnol ou en français ? Si vous lui parlez en français, allez en page 10. Si vous pensez qu'il est hispanophone, allez en page 13.
60%
2 Vous passez la frontière brésilienne et quittez la France. Mais le guide vous réclame la moitié de vos provisions de nourritureet des munitions. Vous lui donnez mais devez donc acheter de la nourriture. Laquelle de ces villes est la plus proche de vous ? Brasilia ou Rio de Janeiro ? Si vous partez pour la capitale, elle se situe en page 8. Rio de Janeiro est, elle, en page 14.
57%
10 Bien évidemment, en Guyane, on parle français. "Avez-vous vu une femme et des enfants récemment?" Il vous répond qu'il a vu une famille blanche il y a quelques jours se diriger vers le Brésil. Vous lui dites merci. "Merci." Allez vers le Brésil qui se situe en page 2.
56%
8 Vous marchez jusque Brasilia mais vous êtes maintenant à cours de nourriture. Chez le marchand, vous faites vos achats de nourriture. Au moment de payer, vous êtes pris d'un doute. La monnaie ici est-elle le réal ou le peso ? Si vous tendez des réals, la suite vous attend en page 11. Payez en pesos et allez en page 4.
56%
11 Vous tendez des réals au marchand qui les encaisse. En ressortant avec votre nourriture, vous allez en page neuf pour affronter les cannibales amazoniens. "Je les retrouverai", chuchotez-vous en pensant à votre famille... "Je les retrouverai". Allez les chercher en page 9.
44%
9 Vous arrivez devant les cannibales qui vous attaquent mais vous les tuez un par un au fusil. Une fois à court de munitions, enragé, vous vous jetez dans la foule d'ennemis à mains nues et les éliminez les uns après les autres. Maintenant, vous allez délivrer votre famille. "Je vous aime, mes amours..." "Je vous aime, mes amours..." Il est maintenant temps de retourner sur le vieux continent (page 16) afin de revenir à une vie paisible...
44%
4 "Vous vous foutez de moi ? Ici on paye en réal ! Puis j'aime pas les argentins. Y'a toujours des problèmes avec eux." Vous lui tendez les quelques réal qui trainent au fond de votre poche mais l'étranger vous jette dehors. Vous rencontrez un marchand louche qui vous vend des fruits moitié prix. Les achetez vous ? Si vous les achetez, après un bon repas vous partez en Amazonie retrouver votre famille qui a été capturée par des indigènes cannibales à la neuvième page. Sinon, vous partez le ventre creux, au même endroit mais en page 6.
37%
5 Le fusil effraie une meute de loups qui se jette sur vous pour se défendre. Vous en abattez quelques-uns mais vous êtes vite à cours de munitions. Les loups vous poursuivent à travers les montagnes mais vous vous échappez grâce à votre grappin. Malheureusement, il a été endommagé par une morsure. Vous ne pouvez plus vous en servir maintenant. Dites "En route vers Sucre" "En route vers Sucre !". Vous vous dirigez en page 15.
32%
16 Bravo. Voici la fin de votre aventure. J'espère que ce nouveau type de quiz vous aura plu, et faites le savoir en commentaire. Pour gagner, remplissez toutes les cases que vous n'avez pas encore remplies par : "Bravo ! Vous avez gagné ! N'hésitez pas à dire en commentaire ce que vous pensez de ce nouveau type de quiz !" Bravo ! Vous avez gagné ! N'hésitez pas à dire en commentaire ce que vous pensez de ce nouveau type de quiz !
26%
6 Pendant votre expédition, vous tombez de faim dans les pommes. A votre réveil, une tribu qui vous a recueilli vous soigne et vous convie à leur buffet exceptionnel du soir. Vous vous y rendez et dévorez votre assiette. Mais on vous apprend que cette délicieuse viande était en fait la chair de votre petite fille tandis que certains s'étaient vus servir votre femme. Vous tombez à la renverse en l'apprenant. On dirait que les cannibales auront un dessert, ce soir. VOUS ETES MORT. Bravo ! Vous avez gagné ! N'hésitez pas à dire en commentaire ce que vous pensez de ce nouveau type de quiz !
24%
7 Vous vous perdez en pleine Amazonie. Attaqué par un serpent, vous le tuez à coups de fusil. Attirés par le bruit, un groupe de cannibales vous encercle. Vous serez le plat de résistance ce soir. VOUS ETES MORT. Bravo ! Vous avez gagné ! N'hésitez pas à dire en commentaire ce que vous pensez de ce nouveau type de quiz !
24%
13 L'Homme vous regarde étrangement. Apparement le guyanais ne comprend pas ce que vous dites et croit que vous l'agressez verbalement. Il vous assomme. VOUS ETES MORT. Bravo ! Vous avez gagné ! N'hésitez pas à dire en commentaire ce que vous pensez de ce nouveau type de quiz !
24%
14 En allant vers Rio de Janeiro, vous marchez encore et toujours mais aucune ville à l'horizon. En effet, Rio est trop loin. Vous n'avez plus assez de nourriture pour continuer, et vous êtes perdu au fin fond de l'Amazonie. VOUS ETES MORT. Bravo ! Vous avez gagné ! N'hésitez pas à dire en commentaire ce que vous pensez de ce nouveau type de quiz !
24%
Aucun quiz correspondant
Distribution des résultats
% des personnes avec chaque résultat
Percentile par nombre de réponses
Votre historique - résultats
Vous n’avez pas pris ce quiz